000 00274nam a22001217a 4500
008 181016b xxu||||| |||| 00| 0 eng d
041 _aeng
080 _a316
100 _a50
101 _aSOC
245 _aSocial Thought from lore to Science
_cBecker,H
942 _2udc
_cBK
999 _c49816
_d49816